000 00706cam a22002533a 4500
001 8165
003 PGUSA
005 20140828083153.0
008 050501s2005||||xxu|||||s|||||000 1 eng d
040 _aPGUSA
_beng
042 _adc
050 4 _aPR
100 1 _aFarnol, Jeffery,
_d1878-1952
245 1 4 _aThe Geste of Duke Jocelyn
_h[electronic resource] /
_cJeffery Farnol
260 _bProject Gutenberg,
_c2005
506 _aPublic domain in the USA.
516 _aElectronic text
653 _aKnights and knighthood -- Fiction
653 _aAdventure stories
653 _aLove stories
830 0 _aProject Gutenberg
_v8165
856 4 0 _uhttp://www.gutenberg.org/ebooks/8165
942 _cEB
999 _c237465
_d237465